000
00313 a2200109 4500
001
ART_10102
005
20260410161847.0
008
260409a
245
1
0
_a
La posición monetaria neta
100
1
_a
Olivera, Julio H.G.
773
0
_t
Económica
_g
- Año XIV, Nº 1/2 (ene./ago. 1968)
_w
REV7541
999
_c
24695
_d
24695